[Event "POL-ch U17 Qual"]
[Site "Jastrzebia Gora"]
[Date "2021.11.20"]
[Round "8"]
[White "Kopestynski, Michal"]
[Black "Trela, Konrad"]
[Result "0-1"]
[WhiteElo "1604"]
[BlackElo "1453"]
[PlyCount "42"]
[EventDate "2021.11.15"]
[EventType "swiss"]
[EventRounds "9"]
[EventCountry "POL"]
[SourceTitle "EXT 2023"]
[Source "ChessBase"]
[SourceDate "2022.10.05"]
[SourceVersion "1"]
[SourceVersionDate "2022.10.05"]
[SourceQuality "1"]

1. e4 c5 2. Nf3 g6 3. d4 cxd4 4. Nxd4 Nc6 5. c4 Nf6 6. Nc3 Nxd4 7. Qxd4 d6 8. Be3 Bg7 9. Be2 0-0 10. Qd2 a5 11. 0-0 a4 12. f3 Be6 13. Rac1 Nd7 14. Nd5 Bxd5 15. cxd5 Nc5 16. Rfd1 Qa5 17. Bd4 Qxd2 18. Rxd2 Bh6 19. Bxc5 Bxd2 20. Rc2 Rfc8 21. Rxd2 Rxc5 0-1

[Event "POL-ch U17 Qual"]
[Site "Jastrzebia Gora"]
[Date "2021.11.16"]
[Round "3"]
[White "Kopestynski, Michal"]
[Black "Komisarski, Jerzy"]
[Result "1-0"]
[WhiteElo "1604"]
[BlackElo "1258"]
[PlyCount "93"]
[EventDate "2021.11.15"]
[EventType "swiss"]
[EventRounds "9"]
[EventCountry "POL"]
[SourceTitle "EXT 2023"]
[Source "ChessBase"]
[SourceDate "2022.10.05"]
[SourceVersion "1"]
[SourceVersionDate "2022.10.05"]
[SourceQuality "1"]

1. e4 e6 2. d4 d5 3. e5 c5 4. Nf3 cxd4 5. Bd3 Nc6 6. 0-0 Nge7 7. Bf4 Ng6 8. Bg3 Qc7 9. Re1 Be7 10. a3 b6 11. Nbd2 a5 12. Qe2 0-0 13. h4 Rd8 14. h5 Nf8 15. Nb3 Bc5 16. Nh2 a4 17. Nd2 Qa7 18. Bh4 Be7 19. Qg4 Ba6 20. Bf6 g6 21. hxg6 fxg6 22. Bxa6 Qxa6 23. Qh4 Qb7 24. Ng4 Bxf6 25. Qxf6 Qg7 26. Qf4 Ra7 27. Nf3 Rc8 28. Rac1 Re7 29. Nxd4 Nxd4 30. Nf6+ Kh8 31. Qxd4 b5 32. Qb6 Rb7 33. Qd4 Rc4 34. Qd3 Nd7 35. Ne8 Qe7 36. Nd6 Nxe5 37. Rxe5 Qxd6 38. Rce1 Re7 39. b3 axb3 40. cxb3 Rc1 41. Rxc1 Qxe5 42. Qxb5 Qb2 43. Qc5 d4 44. Qe5+ Kg8 45. Rc8+ Kf7 46. Qf4+ Kg7 47. Qf8# 1-0

[Event "Polanica Zdroj op-E 56th"]
[Site "Polanica Zdroj"]
[Date "2020.08.21"]
[Round "7"]
[White "Chowaniec, Artur"]
[Black "Kopestynski, Michal"]
[Result "1/2-1/2"]
[WhiteElo "1530"]
[BlackElo "1378"]
[PlyCount "44"]
[EventDate "2020.08.15"]
[EventType "swiss"]
[EventRounds "9"]
[EventCountry "POL"]
[SourceTitle "CBM 198 Extra"]
[Source "ChessBase"]
[SourceDate "2020.11.30"]
[SourceVersion "1"]
[SourceVersionDate "2020.11.30"]
[SourceQuality "1"]

1. e4 c5 2. Nf3 Nc6 3. Bb5 g6 4. Bxc6 dxc6 5. d4 cxd4 6. Qxd4 Qxd4 7. Nxd4 Bg7 8. c3 e5 9. Nf3 Ne7 10. 0-0 0-0 11. h3 h6 12. Rd1 Be6 13. Be3 b6 14. b3 Rad8 15. Na3 f5 16. exf5 Nxf5 17. Nc2 c5 18. Nd2 Rd3 19. Ne4 Rfd8 20. Rxd3 Rxd3 21. c4 Nxe3 22. Nxe3 Kf7 1/2-1/2

[Event "Polanica Zdroj op-E 56th"]
[Site "Polanica Zdroj"]
[Date "2020.08.19"]
[Round "5"]
[White "Nawalaniec, Adam"]
[Black "Kopestynski, Michal"]
[Result "1/2-1/2"]
[WhiteElo "1484"]
[BlackElo "1378"]
[PlyCount "50"]
[EventDate "2020.08.15"]
[EventType "swiss"]
[EventRounds "9"]
[EventCountry "POL"]
[SourceTitle "CBM 198 Extra"]
[Source "ChessBase"]
[SourceDate "2020.11.30"]
[SourceVersion "1"]
[SourceVersionDate "2020.11.30"]
[SourceQuality "1"]

1. e4 c5 2. Ne2 Nc6 3. d4 cxd4 4. Nxd4 Nf6 5. Nc3 e5 6. Nb3 Bb4 7. Bg5 h6 8. Bxf6 Bxc3+ 9. bxc3 Qxf6 10. Bc4 d6 11. 0-0 Be6 12. Bd5 Bxd5 13. exd5 Ne7 14. c4 b6 15. Qe2 0-0 16. Nd2 Rae8 17. Qe4 Qg5 18. Qe2 f5 19. f4 Qf6 20. fxe5 dxe5 21. Ne4 Qg6 22. Nc3 Qd6 23. Rf2 Nc8 24. Raf1 Qc5 25. Kh1 Nd6 1/2-1/2

[Event "Rubinstein Memorial-D 54th"]
[Site "Polanica Zdroj"]
[Date "2018.08.22"]
[Round "5"]
[White "Mrozek, Wojciech"]
[Black "Kopestynski, Michal"]
[Result "0-1"]
[WhiteElo "1065"]
[BlackElo "1234"]
[PlyCount "70"]
[EventDate "2018.08.18"]
[EventType "swiss"]
[EventRounds "9"]
[EventCountry "POL"]
[SourceTitle "EXT 2020"]
[Source "ChessBase"]
[SourceDate "2019.10.17"]
[SourceVersion "1"]
[SourceVersionDate "2019.10.17"]
[SourceQuality "1"]

1. e4 c5 2. c4 d6 3. Ne2 Nf6 4. Nbc3 a6 5. d4 cxd4 6. Nxd4 e5 7. Nde2 Be6 8. b3 Be7 9. g3 Nbd7 10. Be3 0-0 11. Bg2 Qc7 12. Nd5 Nxd5 13. cxd5 Bg4 14. f3 Bh5 15. 0-0 Rac8 16. Rc1 Qd8 17. Qd2 Bg6 18. Rxc8 Qxc8 19. Rc1 Qd8 20. Rc3 f5 21. Qc1 fxe4 22. fxe4 Nf6 23. Rc7 Bh5 24. Rc2 Ng4 25. h3 Nxe3 26. Qxe3 Bg5 27. Qd3 Qb6+ 28. Kh2 Bf3 29. Nd4 Bxg2 30. Ne6 Rf2 31. Rc8+ Kf7 32. Nxg5+ Ke7 33. Qc4 Bf3+ 34. Kg1 Rg2+ 35. Kf1 Qf2# 0-1